00664nam a22001337a 4500008004100000082001600041100010500057245022000162260001700382300000900399942001200408999001500420952009500435230619b xxu||||| |||| 00| 0 eng d a016.32bSCH cCharles E. Schamel, Mary Rephlo, Rodney Ross,David Kepley, Robert W.Coren and James Gregory Bradsher aGuide to the Records of the United States House of Representatives at the National Archivesb1789-1989cBicentennial EditionhPrepared under the Directional of Donald K.Anderson Clerk of the House of Representatives cJanuary 1989 a466p 2ddccBK c1159d1159 00102ddc4070a002b002d2023-06-19l0o016.32 SCHp10001486r2023-06-19w2023-06-19yBK